Young Adult Novels by Cover Quiz Stats

 Plays Quiz Updated Jul 5, 2015

Challenge
Share
Tweet
Score 0/20 Timer 05:00
3 Plays Today
% Correct
The Hunger Games
97.6%
Twilight
87.8%
To Kill a Mockingbird
82.7%
Harry Potter and the Deathly Hallows
78.9%
Eragon
77.2%
The Princess Diaries
73%
The Sisterhood of the Traveling Pants
72.4%
Divergent
71.7%
Lord of the Flies
70%
The Fault in Our Stars
68.7%
% Correct
The Giver
61%
The Hitchhiker's Guide to the Galaxy
54.2%
The Perks of Being a Wallflower
50.6%
Fahrenheit 451
50%
The Book Thief
44%
If I Stay
33.6%
Stargirl
33.1%
Vampire Academy
30.5%
Delirium
13.6%
The Absolutely True Diary of a Part-Time Indian
10.9%

You're not logged in!

Compare scores with friends on all Sporcle quizzes.
Join for Free
OR
Log In

You Might Also Like...

Show Comments

Extras

Top Quizzes Today


Score Distribution

Your Account Isn't Verified!

In order to create a playlist on Sporcle, you need to verify the email address you used during registration. Go to your Sporcle Settings to finish the process.

Report this User

Report this user for behavior that violates our Community Guidelines.

Details: